000
00278nam a22001217a 4500
008
170620b xxu||||| |||| 00| 0 eng d
041
_a
eng
080
_a
94
100
_a
18
101
_a
SHP
245
_a
GREAT ISSUES IN WESTERN CIVILIZATION
_c
TIERNEY.B
942
_2
udc
_c
BK
999
_c
18267
_d
18267